000 00532nam a2200205Ia 4500
005 20250923144511.0
008 008 250917s9999 xx 000 0 eng d
037 _aTextual
040 _aDSWL
_beng
_cDSWL
041 _aeng
_2eng
084 _qDSWL
100 _aMurphy, Gardner
_9825504
245 0 _aIn the minds of men
_cby Gardner Murphy
260 _aNew York
_b Basic Books Publisher
_c1954
300 _a306 p.
365 _aUSD
_b4.5
925 _g4.5
942 _cTEXL
999 _c1439691
_d1439691